Food engineering I វិស្វកម្មអាហារ១ (Record no. 10123)

000 -LEADER
fixed length control field 00302nam a22001217a 4500
040 ## - CATALOGING SOURCE
Transcribing agency HS
082 ## - DEWEY DECIMAL CLASSIFICATION NUMBER
Classification number 664
100 ## - MAIN ENTRY--AUTHOR NAME
Personal name ឯក សុភាព
245 ## - TITLE STATEMENT
Title Food engineering I វិស្វកម្មអាហារ១
260 ## - PUBLICATION, DISTRIBUTION, ETC. (IMPRINT)
Place of publication RUA
Name of publisher ឯក សុភាព
Year of publication 2008
300 ## - PHYSICAL DESCRIPTION
Number of Pages NA
942 ## - ADDED ENTRY ELEMENTS (KOHA)
Koha item type សៀវភៅភាសាខ្មែរ
952 ## - LOCATION AND ITEM INFORMATION (KOHA)
Withdrawn status [LOCAL, KOHA] 0
Holdings
Permanent Location Date acquired Koha item type Lost status Shelving location Barcode Current Location Full call number
Library Block C2016-09-20សៀវភៅភាសាខ្មែរ C017RUA057818Library Block C664 ឯក 2008 C017 Or.
មជ្ឈមណ្ឌលឯការនៃសាកលវិទ្យាល័យភូមិន្ទកសិកម្មចំការដូង

Powered by Koha